000 00319nam a22001217a 4500
008 160430b xxu||||| |||| 00| 0 eng d
020 _a,735918330771
020 _a1583330771
041 _aeng
080 _a612.39
245 _aPrescription for nutritional Healing:
_cPhyllis A. Balch; James F. Balch;
942 _2udc
_cBK
999 _c1717
_d1717